000 01224nam a22003737a 4500
001 0032458
003 KOHA_MİRAKIL
005 20260207002824.0
007 ta
008 110914b1992 tu |||gr||||#||||0|tur |
020 _a0335095763
040 _aTR-BiSEU
_btur
_cTR-BiSEU
_erda
041 0 _atur
044 _ctu
050 _aLB2822
_b.F85 1992
100 1 _aFullan, Michael.
245 1 _aSuccessful school improvement :
_bthe implementation perspective and beyond/
_cMichael Fullan ; Michael G. Fullan.
264 1 _aBuckingham :
_bOpen University Press
_c1992
300 _aviii, 130 s. ;
_c21 cm.
336 _ametin
_btxt
_2rdacontent
337 _aaracısız
_bn
_2rdamedia
338 _acilt
_bnc
_2rdacarrier
650 0 _aOkul ıslah programları.
_963266
650 0 _aEğitim--Veri işleme.
_930973
650 0 _aMüfredat zenginleştirme.
_963267
650 0 _aÖğretmenler--Eğitim.
_963268
650 0 _aEğitim değiştirin.
_963269
650 0 _aSchool improvement programs.
_917773
650 0 _aEducation--Data processing.
_91502
650 0 _aCurriculum enrichment.
_963270
650 0 _aTeachers--Training of.
_963271
650 0 _aEducational Change.
_963272
942 _2lcc
_cBK
999 _c32369
_d32369